000
00332nam a22001337a 4500
008
180924b xxu||||| |||| 00| 0 eng d
020
_a
9780397514984
041
_a
eng
080
_a
615
100
_a
5
101
_a
FAR
245
_a
Handbook Pharmacology In Physiology Anesthtics Practice
_c
Stoelting.R.K
942
_2
udc
_c
BK
999
_c
48340
_d
48340